| 000 | 00515nam a2200217Ia 4500 | ||
|---|---|---|---|
| 001 | 561 | ||
| 003 | AR-BaAGN | ||
| 005 | 20231103120958.0 | ||
| 007 | ta | ||
| 008 | 211206s9999 xx 000 0 spa d | ||
| 040 |
_aAR-BaAGN _bspa _eaacr |
||
| 100 | _aGorostiaga, Manuel | ||
| 245 | 1 | 0 | _aEl doctor Cristóbulo del Valle |
| 260 |
_aRosario : _bJ. Peuser, _c1896. |
||
| 300 | _a26 páginas | ||
| 336 |
_2rdacontent _btxt |
||
| 337 |
_2rdamedia _bn |
||
| 338 |
_2rdacarrier _bnc |
||
| 942 | _cLIBRO | ||
| 999 |
_c561 _d561 |
||